[Event "Konakovo Chervonny op"]
[Site "Konakovo"]
[Date "2014.09.19"]
[Round "6"]
[White "Nazarenkov, Alexandr"]
[Black "Guseva, Antonina"]
[Result "1-0"]
[WhiteElo "2106"]
[BlackElo "1764"]
[PlyCount "75"]
[EventDate "2014.09.17"]
[EventType "swiss"]
[EventRounds "9"]
[EventCountry "RUS"]
[SourceTitle "CBM 162 Extra"]
[Source "ChessBase"]
[SourceDate "2014.10.17"]
[SourceVersion "1"]
[SourceVersionDate "2014.10.17"]
[SourceQuality "1"]

1. e4 e6 2. d3 d5 3. Nd2 c5 4. Ngf3 Nc6 5. c3 Nf6 6. Be2 Be7 7. 0-0 0-0 8. Ne1 b6 9. f4 Bb7 10. g4 d4 11. c4 h6 12. h3 Nd7 13. Ndf3 f5 14. gxf5 exf5 15. e5 Qe8 16. Kh2 Nd8 17. Rg1 Kh7 18. Rg3 Ne6 19. h4 Rg8 20. Ng2 Ndf8 21. Nfe1 Ng6 22. Bh5 Nef8 23. Nf3 Qd8 24. Rh3 Rc8 25. Ng5+ Bxg5 26. hxg5 Qe8 27. Bd2 Ne6 28. Nh4 Nef8 29. Nxf5 Qc6 30. Bf3 Qd7 31. Bg4 Qc6 32. Qe2 Ne6 33. Bf3 Qd7 34. Bxb7 Qxb7 35. gxh6 Ngxf4 36. hxg7+ Kg6 37. Qg4+ Ng5 38. Bxf4 1-0

[Event "Konakovo Chervonny op"]
[Site "Konakovo"]
[Date "2014.09.18"]
[Round "4"]
[White "Nikitina, Tatiana"]
[Black "Nazarenkov, Alexandr"]
[Result "0-1"]
[WhiteElo "1688"]
[BlackElo "2106"]
[PlyCount "80"]
[EventDate "2014.09.17"]
[EventType "swiss"]
[EventRounds "9"]
[EventCountry "RUS"]
[SourceTitle "CBM 162 Extra"]
[Source "ChessBase"]
[SourceDate "2014.10.17"]
[SourceVersion "1"]
[SourceVersionDate "2014.10.17"]
[SourceQuality "1"]

1. e4 d6 2. d4 Nf6 3. Nc3 c6 4. Bg5 Nbd7 5. Bc4 b5 6. Bd3 a6 7. Nf3 e5 8. 0-0 Be7 9. dxe5 dxe5 10. Ne2 Qc7 11. Ng3 Nc5 12. Re1 Bg4 13. h3 Be6 14. Nh4 h6 15. Be3 g6 16. Nf3 g5 17. Qc1 g4 18. hxg4 Nxg4 19. Nh5 0-0-0 20. Rd1 Rdg8 21. a3 Rg6 22. b4 Na4 23. c4 Nxe3 24. Qxe3 Nb2 25. Rd2 Nxd3 26. Qxd3 Bxc4 27. Qc3 f6 28. a4 Rd8 29. axb5 Bxb5 30. Ng3 Rxd2 31. Qxd2 Qd6 32. Qe3 Kb7 33. Nf5 Qxb4 34. Rd1 Bc5 35. Qc1 Kb6 36. Rd7 Qxe4 37. N5h4 Rg8 38. Qxh6 Qb1+ 39. Kh2 Bxf2 40. Qxf6 Bg3+ 0-1

[Event "Konakovo Chervonny op"]
[Site "Konakovo"]
[Date "2012.09.23"]
[Round "7"]
[White "Leschenko, Wjatcheslaw"]
[Black "Nazarenkov, Alexandr"]
[Result "1/2-1/2"]
[WhiteElo "1652"]
[BlackElo "2224"]
[PlyCount "42"]
[EventDate "2012.09.20"]
[EventType "swiss"]
[EventRounds "7"]
[EventCountry "RUS"]
[SourceTitle "CBM 150 Extra"]
[Source "ChessBase"]
[SourceDate "2012.10.19"]
[SourceVersion "1"]
[SourceVersionDate "2012.10.19"]
[SourceQuality "1"]

1. Nf3 d5 2. e3 c5 3. c3 Qa5 4. Be2 Nc6 5. 0-0 e5 6. d4 cxd4 7. cxd4 e4 8. Nfd2 f5 9. b4 Qc7 10. Nb3 Bd6 11. f4 Nf6 12. a4 Be6 13. b5 Ne7 14. Ba3 h6 15. Bxd6 Qxd6 16. Nc5 Bc8 17. Bh5+ g6 18. Be2 b6 19. Nb3 g5 20. Bh5+ Kf8 21. Be2 gxf4 1/2-1/2

[Event "Konakovo Chervonny op"]
[Site "Konakovo"]
[Date "2012.09.21"]
[Round "2"]
[White "Nazarenkov, Alexandr"]
[Black "Dzera, Evgeniy"]
[Result "1/2-1/2"]
[WhiteElo "2224"]
[BlackElo "2173"]
[PlyCount "47"]
[EventDate "2012.09.20"]
[EventType "swiss"]
[EventRounds "7"]
[EventCountry "RUS"]
[SourceTitle "CBM 150 Extra"]
[Source "ChessBase"]
[SourceDate "2012.10.19"]
[SourceVersion "1"]
[SourceVersionDate "2012.10.19"]
[SourceQuality "1"]

1. d4 Nf6 2. Bg5 e6 3. e4 Be7 4. Bd3 c5 5. c3 cxd4 6. cxd4 Nc6 7. Ne2 h6 8. Bxf6 Bxf6 9. e5 Be7 10. 0-0 d6 11. exd6 Qxd6 12. Nbc3 a6 13. Be4 0-0 14. d5 exd5 15. Nxd5 Bd8 16. Nec3 Kh8 17. Qh5 Qe5 18. Qxe5 Nxe5 19. Na4 Nc4 20. b3 Nd2 21. Rfe1 Nxe4 22. Rxe4 Bf5 23. Re5 g6 24. Nab6 1/2-1/2